MEREY WATAN KI KHUSHBU (Record no. 8334)

MARC details
000 -LEADER
fixed length control field 00353nam a22001457a 4500
005 - DATE AND TIME OF LATEST TRANSACTION
control field 20230725135834.0
008 - FIXED-LENGTH DATA ELEMENTS--GENERAL INFORMATION
fixed length control field 230725b |||||||| |||| 00| 0 eng d
020 ## - INTERNATIONAL STANDARD BOOK NUMBER
ISBN 819622031-6
041 ## - LANGUAGE CODE
Language code of text/sound track or separate title eng
100 ## - MAIN ENTRY--AUTHOR NAME
Personal name NAQVI, AZRA2023
245 ## - TITLE STATEMENT
Title MEREY WATAN KI KHUSHBU
260 ## - PUBLICATION, DISTRIBUTION, ETC. (IMPRINT)
Place of publication NEW DELHI
Name of publisher KHUSHRO FOUNDATION
Year of publication 2023
300 ## - PHYSICAL DESCRIPTION
Number of Pages 116;p
942 ## - ADDED ENTRY ELEMENTS (KOHA)
Koha item type Books
Holdings
Lost status Damaged status Collection code Home library Current library Shelving location Date acquired Source of acquisition Cost, normal purchase price Full call number Accession Number Koha item type
    ENGLISH LITERATURE JRU Library JRU Library SHELF-103-B 25/07/2023 DONATION 200.00 954.035 0006/D Books